Stratégia, riadenie a kontrola študijný text

Saved in:
Bibliographic Details
Main Author: Porvazník, Ján
Format: Book
Language:Slovak
Published: Bratislava ÚĎVEM pri EU 1996
Series:Manažment malého a stredného podnikania
Subjects:
Tags: Add Tag
No Tags, Be the first to tag this record!

MARC

LEADER 00000nam a2200000 4500
001 c102666
005 20240422122255.5
020 |a 80-225-0761-X 
041 0 |a slo 
044 |a SK 
245 1 0 |a Stratégia, riadenie a kontrola  |b študijný text  |c Ján Porvazník 
264 1 |a Bratislava  |b ÚĎVEM pri EU  |c 1996 
300 |a 119 s. 
490 1 |a Manažment malého a stredného podnikania 
830 0 |a Manažment malého a stredného podnikania 
610 2 0 |a stratégia podniková 
610 2 0 |a riadenie podnikové 
610 2 0 |a kontrola 
610 2 0 |a kontrola podniková 
610 2 0 |a podpora podnikania 
610 2 0 |a podnikanie malé 
610 2 0 |a podnikanie stredné 
100 1 |a Porvazník, Ján